书目信息 |
| 题名: |
國學研究
|
|
| 作者: | 袁行霈 主编 ;北京大学国学研究院 编 | |
| 分册: | 第十八卷 | |
| 出版信息: | 北京 北京大学出版社 2006.12 |
|
| 页数: | 418页 | |
| 开本: | 26cm | |
| 丛书名: | ||
| 单 册: | ||
| 中图分类: | Z126.27-53 | |
| 科图分类: | ||
| 主题词: | 国学--guo xue--中国--文集 | |
| 电子资源: | ||
| ISBN: | 7-301-11352-8 | |
| 000 | 01026nam0 2200241 450 | |
| 001 | 012007764568 | |
| 005 | 20070930154601.71 | |
| 010 | @a7-301-11352-8@dCNY60.00 | |
| 100 | @a20070808d2006 km y0chiy0120 ea | |
| 101 | 0 | @achi |
| 102 | @aCN@b110000 | |
| 105 | @ay z 000yy | |
| 200 | 1 | @a國學研究@Aguo xue yan jiu@h第十八卷@f袁行霈主编@Fyuan xing pei zhu bian@g北京大学国学研究院中国传统文化研究中心编@Gbei jing da xue guo xue yan jiu yuan zhong guo chuan tong wen hua yan jiu zhong xin bian |
| 210 | @a北京@c北京大学出版社@d2006.12 | |
| 215 | @a418页@d26cm | |
| 330 | @a本书主要内容包括:戴东原学术;王夫之与黄宗羲的民族思想比较研究;试论朱熹《诗》说的美学意义;论僻音字的今音误注现象;两件契丹大字木牍之研究等。 | |
| 518 | 1 | @a国学研究@Aguo xue yan jiu |
| 606 | 0 | @a国学@Aguo xue@y中国@j文集 |
| 690 | @aZ126.27-53@v4 | |
| 701 | 0 | @a袁行霈@Ayuan xing pei@4主编 |
| 712 | 02 | @a北京大学国学研究院@Abei jing da xue guo xue yan jiu yuan@b中国传统文化研究中心@4编 |
| 801 | 0 | @aCN@c20070930 |
| 905 | @dZ126.27-53@eY914:18 | |
| 國學研究.第十八卷/袁行霈主编/北京大学国学研究院中国传统文化研究中心编.-北京:北京大学出版社,2006.12 |
| 418页;26cm |
| ISBN 7-301-11352-8:CNY60.00 |
| 本书主要内容包括:戴东原学术;王夫之与黄宗羲的民族思想比较研究;试论朱熹《诗》说的美学意义;论僻音字的今音误注现象;两件契丹大字木牍之研究等。 |
| ● |
| 相关链接 |
|
|
|
正题名:國學研究
索取号:Z126.27-53/Y914:18
 
预约/预借
| 序号 | 登录号 | 条形码 | 馆藏地/架位号 | 状态 | 备注 |
| 1 | 255133 | 202551336 | 自科库501/501自科库 125排1列2层/ [索取号:Z126.27-53/Y914:18] | 在馆 | |
| 2 | 255134 | 202551345 | 自科库501/501自科库 125排1列2层/ [索取号:Z126.27-53/Y914:18] | 在馆 |